| 000 | 01491nam a2200265Ia 4500 | ||
|---|---|---|---|
| 003 | Ost | ||
| 005 | 20260507075426.0 | ||
| 008 | 260507s9999||||xx |||||||||||||| ||und|| | ||
| 020 | _a9960409414 | ||
| 040 | _cfsecg | ||
| 041 | _aara | ||
| 100 |
_aاليسون، مايكل _eمؤلف |
||
| 245 | 0 |
_aالتخطيط الاستراتيجي للمؤسسات غير الربحية / _c مايكل اليسون |
|
| 260 |
_aالرياض: _bمكتبة العبيكات, _c2007 |
||
| 300 |
_a566 صفحة؛ _bإيضاحات ؛ _c24 سم |
||
| 490 |
_aدليل علمي وكتاب تمارين _v22 |
||
| 504 | _aببليوغرافيا: ص.565-566 | ||
| 520 | _aمقدمة للتخطيط الاستراتيجي، المرحلة الاولى: كن جاهزا، المرحلة الثانية: تتضمن الرسالة والرؤية والقيم، المرحلة الثالثة، قيم وضعك، المرحلة الرابعة: الاتفاق على الأولويات، المرحلة الخامسة: دون الخطة الاستراتيجية، المرحلة السادسة: تنفيذ الخطة الاستراتيجية، المرحلة السابعة: قيم وراقب الخطة الاستراتيجية | ||
| 653 | _aاتخاذ القرارات | ||
| 653 | _aالتخطيط | ||
| 653 | _aالتخطيط الإداري | ||
| 700 |
_a جابر، عبد المطلب يوسف _eمؤلف ثانوي |
||
| 700 |
_aالحموي، مروان _eمؤلف ثانوي |
||
| 942 | _cكتاب | ||
| 999 |
_c44485 _d44485 |
||